La educación obligatoria en México. Informe 2017.

Guardado en:
Bibliografiske detaljer
Institution som forfatter: Instituto Nacional para la Evaluación de la Educación (INEE)
Andre forfattere: Guevara Niebla, Gilberto, coord (autor) (autor), Backoff Escudero, Eduardo, coord (autor) (autor)
Format: Bog
Sprog:spansk
Serier:(Informes institucionales).
Fag:
Tags: Tilføj Tag
Ingen Tags, Vær først til at tagge denne postø!

MARC

LEADER 00000nam^a2200000^u^4500
001 000534687
005 20250521000000.0
008 170607s10001000^^^^cr^^r^^^^^000^0^spa^d
009 20260310131000.041
035 |a FCE 000078935 
037 |a Acervo ITESO - Biblioteca 
041 |a SPA  |b ESP 
082 |a 370.72  |b INEE 2017 
110 |a Instituto Nacional para la Evaluación de la Educación (INEE) 
245 1 4 |a La educación obligatoria en México. Informe 2017. 
264 |a México :  |b INEE,  |c 2017. 
300 |a 255 p. 
336 |a texto  |b txt  |2 rdacontenido 
337 |a sin mediación  |b n  |2 rdamedio 
338 |a volumen  |b nc  |2 rdasoporte 
440 0 0 |a (Informes institucionales). 
596 |e Educación obligatoria 
649 |a XX 
650 |a Educación media superior 
650 |a Informe 
650 |a Derecho a la educación 
650 |a Abandono escolar 
650 |a Práctica docente 
650 |a Discapacitados 
650 |a Tutorías 
700 |a Guevara Niebla, Gilberto, coord  |e (autor) 
700 |a Backoff Escudero, Eduardo, coord  |e (autor) 
910 |a Fondo Centro de Estudios Educativos 
920 |a Impresos - Libros 
930 |a Fondos Especiales 
905 |a 133 
901 |a ALE075350  |b IT2  |c CEE  |u 20250521 
902 |a https://opac.biblio.iteso.mx/vufind/Record/000534687